000 00216nam a2200097Ia 4500
005 20251222113743.0
008 251222s1900||||xx |||||||||||||| ||spa||
082 _aDVD0070/G37/2004
245 0 _aHotel Rwanda:
942 _cDVD
999 _c675
_d675